JoJo's Bizarre Adventure - Song references PB and BT Quiz Stats

 Plays Quiz not verified by Sporcle

Challenge
Share
Tweet
Embed
Score 0/24 Timer 20:00
0 Plays Today
Hint Answer % Correct
EsidisiACDC
100%
WammuWham!
94.1%
KarsThe Cars
90.2%
Dio BrandoRonnie James Dio
86.3%
Will A. ZeppeliLed Zeppelin
84.3%
Caesar ZeppeliLed Zeppelin
84.3%
SantanaSantana
80.4%
Robert E.O, Speedwagon REO Speedwagon
74.5%
RoundaboutRoundabout
72.5%
TonpettyTom Petty
68.6%
DireDire Straits
64.7%
StraizoDire Straits
64.7%
Hint Answer % Correct
Lisa LisaLisa Lisa
58.8%
Suzi QSuzie Q
51%
DonovanDonovan
45.1%
TarkusTarkus
43.1%
DoobieThe Doobie Brothers
33.3%
Wang ChanWang Chung
21.6%
Smokey BrownSmokey Robinson
21.6%
BrufordBill Bruford
15.7%
Ogre StreetOgre Battle
7.8%
Suzi QSuzi Quarto
5.9%
Joseph Joestar of New York (chapter name)Englishman in New York
3.9%
Loggins and MessinaJimmy Messina
2%

You're not logged in!

Compare scores with friends on all Sporcle quizzes.
Join for Free
OR
Log In

You Might Also Like...

Show Comments

Extras

Top Quizzes Today


Score Distribution

Your Account Isn't Verified!

In order to create a playlist on Sporcle, you need to verify the email address you used during registration. Go to your Sporcle Settings to finish the process.

Report this User

Report this user for behavior that violates our Community Guidelines.

Details: